Osmanlı'dan cumhuriyete portre denemeleri/ (Record no. 9722)
| 000 -BAŞLIK | |
|---|---|
| Sabit Uzunluktaki Kontrol Alanı | 01953nam a22003377a 4500 |
| 001 - KONTROL NUMARASI | |
| Control Dosyası | 0009750 |
| 003 - KONTROL NUMARASI KİMLİĞİ | |
| Kontrol Alanı | KOHA_MİRAKIL |
| 005 - EN SON İŞLEM TARİHİ ve ZAMANI | |
| Kontrol Alanı | 20260207001720.0 |
| 007 - FİZİKSEL TANIM SABİT ALAN - GENEL BİLGİ | |
| Sabit uzunluklu kontrol alanı | ta |
| 008 - SABİT UZUNLUKTAKİ VERİ ÖGELERİ - GENEL BİLGİ | |
| Sabit Alan | 091023b2000 tu |||gr||||#0|||0|tur | |
| 020 ## - ISBN - ULUSLARARASI STANDART KİTAP NUMARASI | |
| Isbn | 9754373418 |
| 040 ## - KATALOGLAMA KAYNAĞI | |
| Özgün Kataloglama Kurumu | TR-BiSEU |
| Kataloglama Dili | tur |
| Çeviri Kurumu | TR-BiSEU |
| Açıklama Kuralları | rda |
| 041 0# - DİL KODU | |
| Metin ya da ses kaydının dil kodu | tur |
| 044 ## - YAYINLAYAN/ÜRETEN KURULUŞUN ÜLKE KODU | |
| ISO country code | tu |
| 050 ## - SINIFLAMA ve YER NUMARASI | |
| Sınıflama Numarası | DR441 |
| Yer Numarası | .S29 2000 |
| 100 1# - KİŞİ ADI | |
| Yazar Adı (Kişi adı) | Sayar, Ahmed Güner. |
| 245 1# - ESER ADI BİLDİRİMİ | |
| Başlık | Osmanlı'dan cumhuriyete portre denemeleri/ |
| Sorumluluk Bildirimi | Ahmed Güner Sayar ; Ahmed Güner Sayar. |
| 264 #1 - ÜRERİM, YAYIN, DAĞITIM ve TELİF BİLDİRİMİ | |
| Yayın yeri | İstanbul : |
| Yayınlayan | Ötüken |
| Yayın tarihi | 2000 |
| 300 ## - FİZİKSEL TANIMLAMA | |
| Sayfa, Cilt vb. | 287 sayfa |
| 336 ## - İÇERİK TÜRÜ | |
| Content type term | metin |
| Content type code | txt |
| Source | rdacontent |
| 337 ## - MEDYA TÜRÜ | |
| Media type term | aracısız |
| Media type code | n |
| Source | rdamedia |
| 338 ## - TAŞIYICI TÜRÜ | |
| Carrier type term | cilt |
| Carrier type code | nc |
| Source | rdacarrier |
| 490 1# - DİZİ BİLDİRİMİ | |
| Dizi Bildirimi | Ötüken;vyayın nu:469 ; |
| Cilt Numarası | Kültür serisi ; |
| -- | 187. |
| 500 ## - GENEL NOT | |
| Genel Not | Kaynakça ve dizin var. |
| 505 ## - İÇİNDEKİLER NOTU | |
| İçindekiler Notu | Çoğu Osmanlının son demlerini yaşayıp Cumhuriyet`i idrak eden insanlara ait portreler... Onlara bir bakıma "son Osmanlılar" da demek mümkün. Anlatılan kişilerden bazılarının isimleri bile yeni kuşakların malumu değil. Aralarında meşhur olanlar da var elbette. Yazar tarihî sürekliliğe vurgu yapıyor ve cemiyetimizin bünyesinde mevcut olan insan malzemesini çeşitli veçheleriyle değerlendiriyor. Portreler ele aldıkları kişileri anlatmalarının yanı sıra yaşadıkları dönemlere de ışık tutuyor. Kişiler anlatılırken çevreleri de işin içine katılıyor; sevgileri, ihtilafları, temayülleri, muratları hatta ihtirasları da işleniyor. Yazıların bazılarının muhtelif zamanlarda farklı mecmualarda yayınlanmış olması eserin bütünlüğüne zeval getirmiyor. Sıcak ve samimi bir üslup sayesinde sürüklenecek, merakınızı tatmin edecek ve kendinizi o neslin duygudaşı hissedeceksiniz |
| 650 #0 - KONU BAŞLIĞI EK GİRİŞ - KONU TERİMİ | |
| Konusal terim veya coğrafi ad | Turkey--History. |
| 9 (RLIN) | 5455 |
| 650 #0 - KONU BAŞLIĞI EK GİRİŞ - KONU TERİMİ | |
| Konusal terim veya coğrafi ad | Turkic peoples--History. |
| 9 (RLIN) | 12187 |
| 830 1# - SERİ EK GİRİŞİ - TEKBİÇİM ESER ADI | |
| Tekbiçim Başlık | Ötüken;vyayın nu:469 ; |
| Volume number/sequential designation | Kültür serisi ; |
| -- | 187. |
| 9 (RLIN) | 24067 |
| 907 ## - LOCAL DATA ELEMENT G, LDG (RLIN) | |
| a | Tarih |
| 942 ## - EK GİRİŞ ÖGELERİ (KOHA) | |
| Source of classification or shelving scheme | Library of Congress Classification |
| Koha item type | Book |
| 505 ## - İÇİNDEKİLER NOTU | |
| -- | |
| Materyal Türü | Kalıcı Konum | Mevcut Konum | Raf Yeri | Sınıflandırma Kaynağı | Edinim Bilgisi | Ana Konular | Alt Konular | Yer Numarası | Demirbaş Numarası | Fatura Tarihi | Maliyet, Alış Fiyatı | Maliyet, Yenileme Fiyatı | Geri Çekilme Durumu | Kayıp Durumu | Hasarlı Durumu | Kredi için değil | Kayıt Tarih | Toplam Ödünçverme | Son Görülme Tarihi | Son Kontrol Tarihi | Genel / Bağış Notu |
|---|---|---|---|---|---|---|---|---|---|---|---|---|---|---|---|---|---|---|---|---|---|
| Book | Prof. Dr. Azmi Özcan Kütüphanesi | Prof. Dr. Azmi Özcan Kütüphanesi | Uluğbey Salonu | Library of Congress Classification | Bağış | DÜNYA TARİHİ (AVRUPA, ASYA, AFRİKA VB.) | Balkan Yarımadası | DR441 .S29 2000 | 0009750 | 13/08/2010 | 4.00 | 4.00 | 23/10/2009 | 1 | 05/12/2024 | 05/12/2024 | Ötüken Yayınevi |
